000 01342nam a2200349 c 4500
001 24874
003 ES-MaCES
005 20150929135516.0
008 130221s2009 lu d t i000 | eng d
020 _a9789291575800
035 _aCES20130000617m
040 _aES-MaCES
_bspa
_cES-MaCES
100 1 _aLeney, Tom
_916460
245 1 0 _aQualifications that count
_b: strengthening the recognition of qualifications in the Mediterranean region : thematic studies
_cTom Leney
260 _aLuxembourg
_bOffice for Official Publications of the European Communities
_c2009
300 _a89 p.
_bgráf. bl. y n.
_c30 cm
500 _aEn la cub.: MEDA-ETE, Regional Project (Education and Training for Employment), is a initiative implemented by the European Training Foundation (ETF)
504 _aBibliografía: p. 85-89
541 _cGratuito
650 4 _apaís mediterráneo
_929050
650 4 _aanálisis de calificaciones
_929964
650 4 _acalificación profesional
_928319
653 1 0 _aEducación
650 4 _929282
_aevaluación del nivel de formación
650 4 _929952
_anivel de calificación
650 4 _926752
_aUE
710 2 _aEuropean Training Foundation
_93508
730 0 _aPrograma MEDA-ETE
_934442
902 _aLIB Libro
942 _2CES
_cBK
_h4.0.
999 _c24874
_d24874